000 01186cam a22002533a 4500
001 7042
003 PGUSA
005 20140828083140.0
008 041201s2004||||xxu|||||s|||||000 | eng d
040 _aPGUSA
_beng
042 _adc
050 4 _aBX
100 1 _aKingsley, Charles,
_d1819-1875
245 1 0 _aDiscipline and Other Sermons
_h[electronic resource] /
_cCharles Kingsley
260 _bProject Gutenberg,
_c2004
505 0 _aDiscipline -- The temple of wisdom -- Prayer and science -- God's training -- Good Friday -- False civilization -- The name of God -- The end of religion -- The humanity of God -- God's world -- The armour of God -- Paul and Felix -- The good Samaritan -- Consider the lilies of the field -- The Jewish rebellions -- Terror by night -- The Son of Thunder -- Humility -- A Whitsun sermon -- Self-help -- Endurance -- Toleration -- The kingdom of Christ -- The likeness of God.
506 _aPublic domain in the USA.
516 _aElectronic text
653 _aChurch of England -- Sermons
653 _aSermons, English -- 19th century
830 0 _aProject Gutenberg
_v7042
856 4 0 _uhttp://www.gutenberg.org/ebooks/7042
942 _cEB
999 _c236362
_d236362